[Event "C.to Provinciale CS"]
[Site "Amantea ITA"]
[Date "2007.01.05"]
[Round "1"]
[White "Caputo, Francesco"]
[Black "Rametta, Marcello"]
[Result "1/2-1/2"]
[WhiteElo "1602"]
[BlackElo "1792"]
[PlyCount "77"]
[EventDate "2007.01.05"]

1. e4 c5 2. Nf3 e6 3. d4 cxd4 4. Nxd4 Nc6 5. Nc3 Bb4 6. Nxc6 Bxc3+ 7. bxc3 bxc6
8. Qd4 f6 9. Be2 d6 10. Ba3 c5 11. Qa4+ Bd7 12. Qa6 Qb6 13. Qc4 Ne7 14. Rd1 Qa5
15. Bc1 d5 16. exd5 exd5 17. Qb3 Ba4 18. Qa3 c4 19. O-O Kf7 20. Rfe1 Rhe8 21.
Bxc4 dxc4 22. Rd7 Rad8 23. Rexe7+ Kg6 24. Rxg7+ Kf5 25. g4+ Ke4 26. Rge7+ Kf3
27. Qd6 Rxe7 28. Qf4+ Ke2 29. Rxe7+ Kd1 30. Kf1 Qxc3 31. Re3 Qd4 32. Re1+ Kxc2
33. Re2+ Kb1 34. Rb2+ Ka1 35. Qxd4 Rxd4 36. Rd2 Rxg4 37. Bb2+ Kxa2 38. Bxf6+
Kb3 39. Rb2+ 1/2-1/2

[Event "C.to Provinciale CS"]
[Site "Amantea ITA"]
[Date "2007.01.05"]
[Round "1"]
[White "Fittante, Enrico"]
[Black "De Marco, Francesco"]
[Result "0-1"]
[WhiteElo "1530"]
[BlackElo "1890"]
[PlyCount "96"]
[EventDate "2007.01.05"]

1. d4 d5 2. Nf3 e6 3. Nc3 Be7 4. Bf4 Nf6 5. a3 a6 6. h3 Bd7 7. e3 c5 8. dxc5
Bxc5 9. Bd3 Nc6 10. O-O O-O 11. Bg5 h6 12. Bh4 Be7 13. Bxf6 Bxf6 14. Qd2 Ne7
15. Rab1 Bc6 16. Ne2 e5 17. Nh2 e4 18. Ng3 exd3 19. cxd3 Ng6 20. d4 Qd7 21. Qd1
Rfe8 22. Qf3 Nh4 23. Qh5 Bg5 24. Qd1 Rac8 25. b3 Qd6 26. b4 Bxe3 27. Qg4 Bg5
28. Nf5 Nxf5 29. Qxf5 Bd7 30. Qf3 Rc4 31. Rfd1 Rec8 32. Qd3 Ba4 33. Nf3 Bxd1
34. Qxd1 Rc1 35. Rxc1 Rxc1 36. Qxc1 Bxc1 37. Ne5 Qxe5 38. dxe5 Bxa3 39. Kf1
Bxb4 40. Ke2 Bc3 41. f4 b5 42. Kd3 d4 43. g4 a5 44. h4 a4 45. g5 hxg5 46. hxg5
a3 47. Kc2 b4 48. f5 a2 0-1

[Event "C.to Provinciale CS"]
[Site "Amantea ITA"]
[Date "2007.01.05"]
[Round "1"]
[White "Gad, Ahmad"]
[Black "Vacchiano, Salvatore"]
[Result "1-0"]
[WhiteElo "1745"]
[BlackElo "1482"]
[PlyCount "57"]
[EventDate "2007.01.05"]

1. e4 d6 2. d4 Nf6 3. Nc3 g6 4. f3 Bg7 5. Be3 O-O 6. Qd2 Re8 7. O-O-O c6 8. g4
Qc7 9. Bh6 Bh8 10. h4 e5 11. dxe5 dxe5 12. h5 Be6 13. Nge2 Na6 14. Bg2 Rad8 15.
Qg5 Rxd1+ 16. Rxd1 Rd8 17. Rh1 Nb4 18. a3 Na6 19. f4 exf4 20. Nxf4 Nxg4 21.
Nxe6 fxe6 22. Qxg4 Qf7 23. Rf1 Qe8 24. Rf8+ Qxf8 25. Bxf8 Kxf8 26. hxg6 hxg6
27. Qxg6 Nc7 28. e5 Bxe5 29. Qg5 1-0

[Event "C.to Provinciale CS"]
[Site "Amantea ITA"]
[Date "2007.01.05"]
[Round "1"]
[White "Galasso, Luciano"]
[Black "Abatino, Maurizio"]
[Result "0-1"]
[WhiteElo "1596"]
[BlackElo "2192"]
[PlyCount "104"]
[EventDate "2007.01.05"]

1. d4 Nf6 2. Nf3 b6 3. e3 Bb7 4. Nbd2 e6 5. Bd3 c5 6. c3 Be7 7. O-O cxd4 8.
exd4 O-O 9. Re1 d6 10. Ne4 Nbd7 11. Qc2 h6 12. Bf4 Nxe4 13. Bxe4 Bxe4 14. Rxe4
Nf6 15. Re3 Nd5 16. Re2 Nxf4 17. Ree1 Rc8 18. a4 Qc7 19. Qe4 Nd5 20. Rac1 Rfe8
21. c4 Nf6 22. Qe2 Qb7 23. b3 Bf8 24. Nd2 a6 25. Ne4 Nxe4 26. Qxe4 Qxe4 27.
Rxe4 b5 28. axb5 axb5 29. Re2 bxc4 30. Rec2 d5 31. bxc4 dxc4 32. Rxc4 Rxc4 33.
Rxc4 g6 34. g3 Bg7 35. Kf1 Rd8 36. Rc1 Bxd4 37. Rd1 Kf8 38. Ke2 Ke7 39. Kf3 e5
40. Rd2 f5 41. h3 Ra8 42. Ke2 Ra3 43. Rd3 Rxd3 44. Kxd3 Bxf2 45. g4 Kd6 46. Ke2
Bh4 47. Kf3 Kd5 48. gxf5 gxf5 49. Ke2 Kd4 50. Kf3 Kd3 51. Kg2 Ke2 52. Kg1 f4
0-1

[Event "C.to Provinciale CS"]
[Site "Amantea ITA"]
[Date "2007.01.05"]
[Round "1"]
[White "Grandinetti, Pietro"]
[Black "Paese, Salvatore"]
[Result "1-0"]
[WhiteElo "1600"]
[BlackElo "1438"]
[PlyCount "91"]
[EventDate "2007.01.05"]

1. e4 e5 2. Nf3 Nc6 3. Bb5 a6 4. Ba4 Bc5 5. c3 Nf6 6. O-O O-O 7. Re1 Ne7 8.
Nxe5 d6 9. Nf3 Ng6 10. d4 Ba7 11. Nbd2 c5 12. d5 b5 13. Bc2 c4 14. Nf1 Ng4 15.
Ne3 Nxe3 16. Bxe3 Bxe3 17. Rxe3 Bg4 18. h3 Bd7 19. a4 Ne5 20. Nxe5 dxe5 21. Qh5
Qf6 22. Rf3 Qe7 23. Re3 Rae8 24. Qe2 Qg5 25. axb5 Bxb5 26. Ba4 f5 27. exf5 Rxf5
28. Bxb5 axb5 29. Rf3 Ref8 30. Rxf5 Qxf5 31. f3 Rd8 32. Rd1 g5 33. d6 Rd7 34.
Qd2 Qf6 35. Qd5+ Kg7 36. Qxb5 Rxd6 37. Rxd6 Qxd6 38. Qxc4 h5 39. b4 h4 40. Qe2
Qb6+ 41. Kh1 Qd6 42. b5 Qc5 43. c4 Kf7 44. Qe4 Kf6 45. Qc6+ Qxc6 46. bxc6 1-0

[Event "C.to Provinciale CS"]
[Site "Amantea ITA"]
[Date "2007.01.05"]
[Round "1"]
[White "Mazzuca, Aldo"]
[Black "Bellisario, Carlo"]
[Result "0-1"]
[WhiteElo "1440"]
[BlackElo "1658"]
[PlyCount "40"]
[EventDate "2007.01.05"]

1. e4 d6 2. Nc3 g6 3. b3 Bg7 4. Bb2 Nf6 5. Bc4 c6 6. Nf3 b5 7. Bd3 Bg4 8. h3
Bxf3 9. Qxf3 Nbd7 10. a4 Ne5 11. Qe3 b4 12. Na2 a5 13. f4 Nxd3+ 14. Qxd3 Qc7
15. O-O-O O-O 16. g4 Rfd8 17. Qe2 e5 18. f5 d5 19. d3 d4 20. Kb1 20... Rd7 {
phone default} 0-1

[Event "C.to Provinciale CS"]
[Site "Amantea ITA"]
[Date "2007.01.05"]
[Round "1"]
[White "Nicoletta, Oscare"]
[Black "Scalise, Sandro"]
[Result "0-1"]
[WhiteElo "1440"]
[BlackElo "1622"]
[PlyCount "76"]
[EventDate "2007.01.05"]

1. e4 c5 2. d3 Nc6 3. Be3 e6 4. Nf3 Qc7 5. Nc3 Be7 6. d4 cxd4 7. Bxd4 Nxd4 8.
Nxd4 a6 9. Bd3 Nf6 10. O-O O-O 11. Nde2 Ng4 12. Ng3 Ne5 13. a3 Nxd3 14. Qxd3
Qe5 15. f4 Qc5+ 16. Kh1 b5 17. b4 Qc6 18. Rac1 Bb7 19. f5 Rac8 20. Nce2 Rfd8
21. Nd4 Qc4 22. Qxc4 Rxc4 23. c3 Bg5 24. Rc2 Be3 25. Rd1 Bf4 26. Nge2 Bxe4 27.
Rb2 Be5 28. fxe6 dxe6 29. Rbd2 h6 30. Ng3 Bg6 31. Nb3 Rxd2 32. Rxd2 Rxc3 33.
Kg1 Bxg3 34. hxg3 Rxb3 35. Kh2 Rxa3 36. Rd8+ Kh7 37. Ra8 e5 38. Re8 f6 0-1

[Event "C.to Provinciale CS"]
[Site "Amantea ITA"]
[Date "2007.01.05"]
[Round "1"]
[White "Olivo, Paolo"]
[Black "Nicoletta, Adamo"]
[Result "1-0"]
[WhiteElo "1658"]
[BlackElo "1440"]
[PlyCount "42"]
[EventDate "2007.01.05"]

1. e4 e5 2. Nf3 Nc6 3. Bc4 Nf6 4. d3 d5 5. exd5 Nxd5 6. h3 Be6 7. O-O Bd6 8.
Bg5 Qd7 9. Re1 O-O 10. Bb5 h6 11. Bd2 a6 12. Bxc6 Qxc6 13. Nxe5 Bxe5 14. Rxe5
Nf6 15. Re3 Nd5 16. Rg3 g5 17. Bxg5 Kh7 18. Qh5 Bf5 19. Nd2 Rg8 20. Qxf7+ Rg7
21. Qxf5+ Kg8 1-0

[Event "C.to Provinciale CS"]
[Site "Amantea ITA"]
[Date "2007.01.05"]
[Round "1"]
[White "Paletta, Giuseppe"]
[Black "Magli, Francesco"]
[Result "1-0"]
[WhiteElo "1670"]
[BlackElo "1440"]
[PlyCount "25"]
[EventDate "2007.01.05"]

1. d4 Nf6 2. c4 d6 3. Nc3 g6 4. e4 e5 5. dxe5 dxe5 6. Bg5 Be7 7. Qc2 Be6 8. Nf3
Nbd7 9. O-O-O Bd6 10. Nb5 a6 11. Nxd6+ cxd6 12. Rxd6 Rc8 13. Bxf6 1-0

[Event "C.to Provinciale CS"]
[Site "Amantea ITA"]
[Date "2007.01.05"]
[Round "1"]
[White "Paragliola, Gennaro"]
[Black "Piccoli, Vincenzo"]
[Result "0-1"]
[WhiteElo "1460"]
[BlackElo "1727"]
[PlyCount "84"]
[EventDate "2007.01.05"]

1. d4 Nf6 2. c4 e6 3. Nc3 Bb4 4. Bg5 h6 5. Bh4 c5 6. e3 Qa5 7. Qc2 g5 8. Bg3
Ne4 9. Nge2 Nxg3 10. Nxg3 Bxc3+ 11. Qxc3 Qxc3+ 12. bxc3 Ke7 13. Be2 Nc6 14. O-O
b6 15. Bf3 Ba6 16. dxc5 bxc5 17. Ne4 Ne5 18. Nxc5 Nxf3+ 19. gxf3 Bxc4 20. Rfd1
d6 21. Nb3 Be2 22. Rd2 Bxf3 23. Nd4 Bd5 24. f3 Rac8 25. e4 Bc4 26. Rad1 d5 27.
exd5 Bxd5 28. Rd3 Rc4 29. Re3 Rhc8 30. Rdd3 Ra4 31. Rd2 Rxa2 32. Rxa2 Bxa2 33.
Nf5+ Kf8 34. Nxh6 f5 35. f4 g4 36. h3 Kg7 37. Nxf5+ exf5 38. Re7+ Kf6 39. Rxa7
Bd5 40. hxg4 fxg4 41. Ra5 Be6 42. Ra6 Rxc3 0-1

[Event "C.to Provinciale CS"]
[Site "Amantea ITA"]
[Date "2007.01.05"]
[Round "1"]
[White "Pizzuto, Maurizio"]
[Black "Felisio, Antonio"]
[Result "1-0"]
[WhiteElo "1724"]
[BlackElo "1455"]
[PlyCount "99"]
[EventDate "2007.01.05"]

1. d4 Nf6 2. c4 e6 3. Nf3 b6 4. Nc3 Bb4 5. Bg5 Bxc3+ 6. bxc3 O-O 7. e4 h6 8. e5
hxg5 9. exf6 Qxf6 10. Be2 d6 11. O-O Bb7 12. Qd2 Qh6 13. Qxg5 f6 14. Qxh6 gxh6
15. Nd2 Nd7 16. Bf3 d5 17. cxd5 Bxd5 18. Bxd5 exd5 19. Rfe1 Rfe8 20. Nf3 Rxe1+
21. Rxe1 Kf7 22. Nh4 Re8 23. Rxe8 Kxe8 24. Nf5 h5 25. Ng7+ Kf7 26. Nxh5 c5 27.
Nf4 cxd4 28. cxd4 b5 29. Nxd5 Nb6 30. Nxb6 axb6 31. Kf1 Ke6 32. Ke2 Kd5 33. Ke3
b4 34. h4 f5 35. h5 f4+ 36. Kxf4 Kxd4 37. h6 Kc3 38. h7 Kb2 39. h8=Q+ Kxa2 40.
Qb8 b3 41. Qxb6 b2 42. g4 b1=Q 43. Qxb1+ Kxb1 44. g5 Kc2 45. g6 Kd3 46. g7 Ke2
47. Kg3 Kf1 48. g8=Q Kg1 49. Qa2 Kf1 50. Qd2 1-0

[Event "C.to Provinciale CS"]
[Site "Amantea ITA"]
[Date "2007.01.05"]
[Round "1"]
[White "Scerbo, Antonio"]
[Black "Alo', Lucio"]
[Result "1-0"]
[WhiteElo "2117"]
[BlackElo "1553"]
[PlyCount "63"]
[EventDate "2007.01.05"]

1. d4 d5 2. c4 Nf6 3. cxd5 Nxd5 4. e4 Nb6 5. Nc3 e6 6. Nf3 Be7 7. Be2 O-O 8.
O-O Nc6 9. Be3 Bb4 10. Qc2 Bd7 11. Rfd1 Qe8 12. Nb5 Qb8 13. Rac1 a6 14. Nc3 Ne7
15. Ne5 Be8 16. a3 Bd6 17. Nf3 Bc6 18. e5 Bxa3 19. bxa3 h6 20. Qd2 Rd8 21. Bd3
Bxf3 22. gxf3 Nbd5 23. Kh1 b5 24. Nxd5 Nxd5 25. Bxh6 f5 26. exf6 Nxf6 27. Rg1
Rd7 28. Rxg7+ Rxg7 29. Bxg7 Nh5 30. Be5 Qf8 31. Rg1+ Ng7 32. Rxg7+ 1-0

[Event "C.to Provinciale CS"]
[Site "Amantea ITA"]
[Date "2007.01.06"]
[Round "2"]
[White "Abatino, Maurizio"]
[Black "Paletta, Giuseppe"]
[Result "1-0"]
[WhiteElo "2192"]
[BlackElo "1670"]
[PlyCount "49"]
[EventDate "2007.01.05"]

1. d4 d5 2. c4 c6 3. Nf3 Nf6 4. Nc3 e6 5. Bg5 Nbd7 6. e3 h6 7. Bh4 Be7 8. Bd3
O-O 9. O-O dxc4 10. Bxc4 Nd5 11. Bxe7 Qxe7 12. Qd2 Nxc3 13. Qxc3 Re8 14. Rad1
e5 15. dxe5 Nxe5 16. Nxe5 Qxe5 17. Qxe5 Rxe5 18. Rd8+ Kh7 19. Bxf7 b6 20. Bb3
Re7 21. Rfd1 Bb7 22. Bc2+ g6 23. R8d7 Rg7 24. Rxg7+ Kxg7 25. Rd7+ 1-0

[Event "C.to Provinciale CS"]
[Site "Amantea ITA"]
[Date "2007.01.06"]
[Round "2"]
[White "Alo', Lucio"]
[Black "Cannataro, Francesco"]
[Result "1-0"]
[WhiteElo "1553"]
[BlackElo "1440"]
[PlyCount "26"]
[EventDate "2007.01.05"]

1. Nf3 Nf6 2. d4 d5 3. Bf4 Bf5 4. Nh4 e6 5. Nxf5 exf5 6. e3 Nc6 7. a3 Bd6 8.
Bg5 O-O 9. Bd3 Nxd4 10. exd4 Re8+ 11. Kf1 c5 12. Bxf5 cxd4 13. Qd3 Qc7 1-0

[Event "C.to Provinciale CS"]
[Site "Amantea ITA"]
[Date "2007.01.06"]
[Round "2"]
[White "Bellisario, Carlo"]
[Black "Cannataro, Luciano"]
[Result "1/2-1/2"]
[WhiteElo "1658"]
[BlackElo "1876"]
[PlyCount "41"]
[EventDate "2007.01.05"]

1. c4 Nf6 2. Nc3 g6 3. g3 c5 4. Bg2 Nc6 5. Nf3 Bg7 6. O-O O-O 7. a3 b6 8. d4
Bb7 9. d5 Nd4 10. Nxd4 cxd4 11. Nb5 e5 12. Nd6 Ba6 13. Qa4 Qc7 14. Nxf7 Qxc4
15. Qxc4 Bxc4 16. Nxe5 Bxd5 17. Bxd5+ Nxd5 18. Nd3 Rac8 19. Bd2 Rc2 20. Rfd1
Re8 21. Kf1 1/2-1/2

[Event "C.to Provinciale CS"]
[Site "Amantea ITA"]
[Date "2007.01.06"]
[Round "2"]
[White "Caputo, Francesco"]
[Black "Galasso, Luciano"]
[Result "1-0"]
[WhiteElo "1602"]
[BlackElo "1596"]
[PlyCount "43"]
[EventDate "2007.01.05"]

1. e4 d6 2. d4 Nf6 3. Nc3 g6 4. Nf3 Bg7 5. Bc4 O-O 6. Bg5 a6 7. a3 b5 8. Bb3
Bb7 9. Qe2 Nbd7 10. Rd1 c5 11. e5 cxd4 12. exf6 exf6 13. O-O fxg5 14. Nd5 Re8
15. Qd2 Nf6 16. Qxg5 h6 17. Nxf6+ Bxf6 18. Qxg6+ Kh8 19. Qxh6+ Kg8 20. Qg6+ Kh8
21. Bxf7 Bg7 22. Qh5+ 1-0

[Event "C.to Provinciale CS"]
[Site "Amantea ITA"]
[Date "2007.01.06"]
[Round "2"]
[White "De Marco, Francesco"]
[Black "Olivo, Paolo"]
[Result "0-1"]
[WhiteElo "1890"]
[BlackElo "1658"]
[PlyCount "102"]
[EventDate "2007.01.05"]

1. e4 c5 2. Nf3 d6 3. d4 cxd4 4. Nxd4 Nf6 5. Nc3 a6 6. Be2 e6 7. O-O Qc7 8. Be3
b5 9. a3 Bb7 10. Bd3 Nbd7 11. Nb3 Be7 12. f4 O-O 13. Qf3 Nc5 14. Nxc5 dxc5 15.
Rac1 c4 16. Be2 Bc6 17. Bd4 Qb7 18. Qg3 Rfd8 19. Rcd1 Rxd4 20. e5 Rxd1 21. Rxd1
Bc5+ 22. Kh1 Ne4 23. Nxe4 Bxe4 24. c3 Qb6 25. Qg5 h6 26. Qh4 Bf2 27. Qe7 Qb7
28. Qxb7 Bxb7 29. Rd7 Bd5 30. h3 Be3 31. f5 Bf4 32. Bh5 Rf8 33. Rd6 Bxe5 34.
Rxa6 exf5 35. Ra5 Rb8 36. Kg1 Bf4 37. a4 Be3+ 38. Kf1 Bc6 39. axb5 Rxb5 40.
Rxb5 Bxb5 41. Be2 Bd2 42. Kf2 g5 43. Bf1 Kg7 44. g3 h5 45. Be2 Kf6 46. g4 fxg4
47. hxg4 hxg4 48. Kg3 Ke5 49. Kxg4 f5+ 50. Kf3 Bc6+ 51. Kf2 Bd5 0-1

[Event "C.to Provinciale CS"]
[Site "Amantea ITA"]
[Date "2007.01.06"]
[Round "2"]
[White "Felisio, Antonio"]
[Black "Rametta, Marcello"]
[Result "0-1"]
[WhiteElo "1455"]
[BlackElo "1792"]
[PlyCount "56"]
[EventDate "2007.01.05"]

1. d4 d5 2. c4 dxc4 3. Nc3 Bf5 4. e4 Bg6 5. Bxc4 e6 6. a3 Be7 7. Nf3 Nf6 8. O-O
Nxe4 9. Nxe4 Bxe4 10. Ne5 O-O 11. f3 Bd5 12. Bd3 Nc6 13. Ng4 f5 14. Ne3 Nxd4
15. Nxd5 Qxd5 16. Be3 Nb3 17. Rb1 Rad8 18. Bc2 Qe5 19. Qe1 Bc5 20. Kh1 Bxe3 21.
Bxb3 Rd2 22. f4 Qe4 23. Rf3 Rfd8 24. Bxe6+ Qxe6 25. Rxe3 Qc6 26. Re2 Rxe2 27.
Qxe2 Qe4 28. Rd1 Qxe2 0-1

[Event "C.to Provinciale CS"]
[Site "Amantea ITA"]
[Date "2007.01.06"]
[Round "2"]
[White "Gad, Alessandro"]
[Black "Pizzuto, Maurizio"]
[Result "1/2-1/2"]
[WhiteElo "1410"]
[BlackElo "1724"]
[PlyCount "66"]
[EventDate "2007.01.05"]

1. e4 c6 2. d3 d5 3. Nd2 dxe4 4. dxe4 g6 5. f4 Bg7 6. Ngf3 Bg4 7. Bc4 e6 8. e5
Ne7 9. Qe2 Nf5 10. Qf2 Bxf3 11. Nxf3 O-O 12. a4 Qc7 13. g4 Ne7 14. a5 Rd8 15.
Be3 Nd5 16. Bd2 Bf8 17. O-O Nd7 18. Bxd5 cxd5 19. Be3 Nc5 20. b4 Ne4 21. Qe1
Rdc8 22. Nd4 a6 23. Kh1 Qc4 24. f5 Bxb4 25. Qh4 Qc3 26. Qh6 Bf8 27. Qf4 g5 28.
Qf3 h6 29. fxe6 fxe6 30. Qf7+ Kh8 31. Qg6 Qxe3 32. Rxf8+ Rxf8 33. Qxh6+ Kg8
1/2-1/2

[Event "C.to Provinciale CS"]
[Site "Amantea ITA"]
[Date "2007.01.06"]
[Round "2"]
[White "Levato, Biagio"]
[Black "Mazzuca, Aldo"]
[Result "1-0"]
[WhiteElo "1519"]
[BlackElo "1440"]
[PlyCount "63"]
[EventDate "2007.01.05"]

1. Nf3 Nc6 2. g3 e5 3. d3 b6 4. Bg2 f6 5. O-O Bc5 6. c3 Bb7 7. b4 Bd6 8. Nfd2
Nh6 9. Nc4 Qe7 10. a4 O-O-O 11. Nxd6+ Qxd6 12. b5 Na5 13. Bxb7+ Kxb7 14. Nd2 f5
15. Ba3 Qe6 16. c4 f4 17. Ne4 d5 18. cxd5 Rxd5 19. Ng5 Qf5 20. Ne4 fxg3 21.
fxg3 Qg4 22. Bc1 Nf5 23. Nf2 Qd4 24. Bd2 Ne3 25. Bxe3 Qxe3 26. Kh1 Rf8 27. Ng4
Rxf1+ 28. Qxf1 Qg5 29. Qf3 h5 30. Qxd5+ Kb8 31. Nxe5 c6 32. bxc6 1-0

[Event "C.to Provinciale CS"]
[Site "Amantea ITA"]
[Date "2007.01.06"]
[Round "2"]
[White "Magli, Francesco"]
[Black "Fittante, Enrico"]
[Result "1/2-1/2"]
[WhiteElo "1440"]
[BlackElo "1530"]
[PlyCount "73"]
[EventDate "2007.01.05"]

1. e4 b6 2. d4 Bb7 3. Nc3 e6 4. Bd3 Bb4 5. Bd2 Nf6 6. Qe2 O-O 7. Nh3 h6 8.
O-O-O Nc6 9. e5 Nh7 10. Qg4 Kh8 11. Qh5 Be7 12. Bxh6 g6 13. Qg4 Rg8 14. Rde1
Bf8 15. Bg5 Nxg5 16. Nxg5 Bh6 17. h4 Ne7 18. Kb1 Bxg5 19. hxg5+ Kg7 20. Rh6 Rh8
21. Reh1 Rxh6 22. Rxh6 Qg8 23. Qf4 Nf5 24. g4 Nxh6 25. gxh6+ Kh7 26. g5 a6 27.
Be4 c6 28. Na4 b5 29. Nc5 Bc8 30. Qf6 Ra7 31. b4 a5 32. c3 axb4 33. cxb4 Ra3
34. Kb2 Ra7 35. Kb3 Rc7 36. f3 Ra7 37. a3 1/2-1/2

[Event "C.to Provinciale CS"]
[Site "Amantea ITA"]
[Date "2007.01.06"]
[Round "2"]
[White "Marincolo, Piercarlo"]
[Black "Scerbo, Antonio"]
[Result "1-0"]
[WhiteElo "1709"]
[BlackElo "2117"]
[PlyCount "101"]
[EventDate "2007.01.05"]

1. e4 c5 2. Nf3 Nc6 3. d4 cxd4 4. Nxd4 Nf6 5. Nc3 e5 6. Ndb5 d6 7. Bg5 a6 8.
Na3 b5 9. Bxf6 gxf6 10. Nd5 Bg7 11. c3 Ne7 12. Nc2 Nxd5 13. exd5 O-O 14. Be2 f5
15. O-O f4 16. Re1 Qg5 17. f3 Rb8 18. Nb4 Re8 19. Bf1 f5 20. Qd3 Qg6 21. Qd2 e4
22. Qxf4 Be5 23. Qh4 exf3 24. Nc6 Rb7 25. Kh1 Rg7 26. Qf2 fxg2+ 27. Bxg2 Bd7
28. Bf3 Kh8 29. Rg1 Qh6 30. Rxg7 Qxg7 31. Rg1 Qh6 32. Qg2 Bf4 33. Bh5 Rf8 34.
Ne7 Bg5 35. Qxg5 Qxg5 36. Rxg5 f4 37. Rg1 Bh3 38. b3 f3 39. Bxf3 Re8 40. Nc6
Re3 41. Bh5 Rxc3 42. Nd8 h6 43. Nf7+ Kh7 44. Nxd6 Rc5 45. Ne8 Rc8 46. d6 Be6
47. Nf6+ Kh8 48. Re1 Bh3 49. Re8+ Rxe8 50. Bxe8 Kg7 51. d7 1-0

[Event "C.to Provinciale CS"]
[Site "Amantea ITA"]
[Date "2007.01.06"]
[Round "2"]
[White "Nicoletta, Adamo"]
[Black "Paragliola, Gennaro"]
[Result "1-0"]
[WhiteElo "1440"]
[BlackElo "1460"]
[PlyCount "71"]
[EventDate "2007.01.05"]

1. e4 d6 2. Nc3 g6 3. Nf3 Bg7 4. d4 Nf6 5. h3 O-O 6. Bc4 Nxe4 7. Nxe4 d5 8. Bd3
dxe4 9. Bxe4 c6 10. O-O f5 11. Bd3 Kh8 12. c3 Re8 13. Re1 Nd7 14. Ng5 Kg8 15.
Bc4+ e6 16. Nxe6 Rxe6 17. Rxe6 Kf8 18. Qe1 Nf6 19. Re2 b5 20. Bb3 Bd7 21. Bg5
h6 22. Bf4 Ne4 23. f3 g5 24. fxe4 gxf4 25. Qf2 Qg5 26. exf5 Bxf5 27. Rae1 Bxh3
28. Qf3 Bd7 29. Re4 Bf6 30. Rxf4 Kg7 31. Be6 Re8 32. Rg4 Rxe6 33. Rxg5+ Bxg5
34. Rxe6 Bxe6 35. Qxc6 Be3+ 36. Kh1 1-0

[Event "C.to Provinciale CS"]
[Site "Amantea ITA"]
[Date "2007.01.06"]
[Round "2"]
[White "Piccoli, Vincenzo"]
[Black "Grandinetti, Pietro"]
[Result "0-1"]
[WhiteElo "1727"]
[BlackElo "1600"]
[PlyCount "64"]
[EventDate "2007.01.05"]

1. e4 c5 2. Nf3 d6 3. d4 cxd4 4. Nxd4 Nf6 5. Nc3 a6 6. Be3 e5 7. Nb3 Be6 8. Qd2
Nbd7 9. f3 Be7 10. O-O-O Qc7 11. g4 O-O 12. h4 Rfc8 13. g5 Nh5 14. Bh3 b5 15.
Nd5 Bxd5 16. exd5 a5 17. Bxd7 Qxd7 18. Nxa5 Bd8 19. b4 Bxa5 20. bxa5 Qc7 21.
Bb6 Qc4 22. Kb2 Nf4 23. Rh2 b4 24. a3 bxa3+ 25. Kxa3 Rcb8 26. Qb4 Qa6 27. Kb3
Ne2 28. c3 Rc8 29. c4 Nd4+ 30. Bxd4 exd4 31. Ka3 Rcb8 32. Qa4 Qxa5 0-1

[Event "C.to Provinciale CS"]
[Site "Amantea ITA"]
[Date "2007.01.06"]
[Round "2"]
[White "Scalise, Sandro"]
[Black "Gad, Ahmad"]
[Result "0-1"]
[WhiteElo "1622"]
[BlackElo "1745"]
[PlyCount "82"]
[EventDate "2007.01.05"]

1. d4 f5 2. Nf3 g6 3. Bf4 Bg7 4. e3 Nf6 5. Nbd2 d6 6. c3 e6 7. Be2 Nc6 8. Qc2
Qe7 9. Rd1 e5 10. dxe5 dxe5 11. Bg5 Be6 12. Nc4 Bf7 13. O-O O-O 14. Rfe1 h6 15.
Bxf6 Bxf6 16. Nfd2 Be6 17. b4 Qg7 18. Nb3 b6 19. e4 f4 20. Nb2 g5 21. b5 Ne7
22. Bc4 Bxc4 23. Nxc4 Ng6 24. a4 g4 25. Nbd2 Nh4 26. Kh1 Kh8 27. g3 Ng6 28. Nf1
Rae8 29. Rd5 Rf7 30. Qd1 h5 31. Re2 Bg5 32. Qd3 fxg3 33. Nxg3 Nf4 34. Qd2 Nxd5
35. Qxd5 Rd7 36. Qc6 Qf7 37. Nb2 Qf3+ 38. Kg1 Red8 39. Qc4 Rd2 40. Rxd2 Rxd2
41. Qxc7 Qxf2+ 0-1

[Event "C.to Provinciale CS"]
[Site "Amantea ITA"]
[Date "2007.01.06"]
[Round "2"]
[White "Vacchiano, Salvatore"]
[Black "Nicoletta, Oscare"]
[Result "1-0"]
[WhiteElo "1482"]
[BlackElo "1440"]
[PlyCount "85"]
[EventDate "2007.01.05"]

1. d4 d5 2. e4 dxe4 3. Nc3 Nf6 4. f3 Bf5 5. Bg5 Nc6 6. d5 Ne5 7. Qd4 Nc6 8. Bb5
Bd7 9. dxc6 Bxc6 10. Qxd8+ Rxd8 11. Bxc6+ bxc6 12. Bf4 exf3 13. Nxf3 Rd7 14.
Ne5 Rd4 15. O-O e6 16. Nxc6 Bc5 17. Nxd4 Bxd4+ 18. Kh1 e5 19. Rfe1 Nd7 20. Nd5
O-O 21. Bc1 c6 22. Ne7+ Kh8 23. Nxc6 h6 24. c3 Bb6 25. Be3 Bxe3 26. Rxe3 f6 27.
Rd1 Rf7 28. Nxa7 Nc5 29. Nb5 Rb7 30. c4 Na4 31. b3 Nb2 32. Rb1 Rd7 33. Nc3 Kh7
34. Nd5 Rxd5 35. cxd5 g5 36. d6 Kg6 37. d7 Kf5 38. Rf1+ Kg4 39. Rg3+ Kh4 40.
d8=Q f5 41. Rxf5 e4 42. Rfxg5 hxg5 43. Qxg5# 1-0

[Event "C.to Provinciale CS"]
[Site "Amantea ITA"]
[Date "2007.01.06"]
[Round "3"]
[White "Cannataro, Francesco"]
[Black "Paragliola, Gennaro"]
[Result "0-1"]
[WhiteElo "1440"]
[BlackElo "1460"]
[PlyCount "52"]
[EventDate "2007.01.05"]

1. e4 d6 2. d4 Nf6 3. Nc3 g6 4. Nf3 Bg7 5. Bd2 O-O 6. Qc1 Re8 7. Bc4 Nxe4 8.
Nxe4 d5 9. Bxd5 Qxd5 10. O-O Qxe4 11. Re1 Qd5 12. c3 Bg4 13. c4 Qh5 14. Re3
Bxf3 15. gxf3 Bxd4 16. Rd3 Nc6 17. Bc3 Qh4 18. Qd2 Bxc3 19. Rxc3 Ne5 20. Qe2
Qf4 21. Rd1 Rad8 22. Re3 Rxd1+ 23. Qxd1 c6 24. b3 e6 25. Rxe5 Qxe5 26. Qd7 Qg5+
0-1

[Event "C.to Provinciale CS"]
[Site "Amantea ITA"]
[Date "2007.01.06"]
[Round "3"]
[White "Cannataro, Luciano"]
[Black "Caputo, Francesco"]
[Result "1-0"]
[WhiteElo "1876"]
[BlackElo "1602"]
[PlyCount "33"]
[EventDate "2007.01.05"]

1. d4 Nf6 2. c4 g6 3. Nc3 Bg7 4. e4 d6 5. f3 O-O 6. Be3 Nc6 7. Qd2 e6 8. O-O-O
Nd7 9. h4 e5 10. d5 Nd4 11. Nge2 Nxe2+ 12. Bxe2 Nf6 13. g4 h5 14. Bg5 Qe8 15.
Bxf6 Bxf6 16. gxh5 gxh5 17. Qh6 1-0

[Event "C.to Provinciale CS"]
[Site "Amantea ITA"]
[Date "2007.01.06"]
[Round "3"]
[White "Fittante, Enrico"]
[Black "Nicoletta, Adamo"]
[Result "1-0"]
[WhiteElo "1530"]
[BlackElo "1440"]
[PlyCount "63"]
[EventDate "2007.01.05"]

1. Nf3 Nc6 2. b3 e5 3. e4 Nf6 4. d3 Bc5 5. Be2 d6 6. Nc3 h6 7. a3 O-O 8. O-O
Re8 9. Be3 Bxe3 10. fxe3 d5 11. exd5 Nxd5 12. Nxd5 Qxd5 13. e4 Qd6 14. h3 Re6
15. Nh2 Ne7 16. Bg4 Qb6+ 17. Kh1 Rf6 18. Qe2 Bxg4 19. Nxg4 Re6 20. Rf3 Ng6 21.
g3 h5 22. Ne3 h4 23. g4 Nf4 24. Qf2 g5 25. Rf1 Rc6 26. Kh2 f6 27. Nf5 Ne6 28.
Ne7+ Kg7 29. Nxc6 Qxc6 30. Rxf6 Rg8 31. Rf7+ Kh8 32. Qf6+ 1-0

[Event "C.to Provinciale CS"]
[Site "Amantea ITA"]
[Date "2007.01.06"]
[Round "3"]
[White "Gad, Ahmad"]
[Black "Marincolo, Piercarlo"]
[Result "1-0"]
[WhiteElo "1745"]
[BlackElo "1709"]
[PlyCount "93"]
[EventDate "2007.01.05"]

1. e4 c5 2. d3 d6 3. g3 Nf6 4. Bg2 Nc6 5. Nc3 a6 6. f4 g6 7. Nf3 Bg7 8. O-O O-O
9. h3 Nd4 10. Be3 Ne8 11. Kh2 f5 12. Bxd4 cxd4 13. Ne2 e5 14. Qd2 fxe4 15. dxe4
Qc7 16. fxe5 dxe5 17. c3 dxc3 18. Nxc3 Kh8 19. Nd5 Qd6 20. Qg5 Nc7 21. Nxc7
Qxc7 22. Rac1 Qd6 23. Rfd1 Qe6 24. Rc7 Re8 25. Rd8 h6 26. Qd2 b5 27. Nh4 Qg8
28. Nxg6+ Kh7 29. Rd6 Be6 30. Ne7 Qf7 31. Nd5 Qg6 32. Rcc6 Rad8 33. Nc7 Rxd6
34. Qxd6 Bf7 35. Nxe8 Bxe8 36. Qxg6+ Bxg6 37. Rxa6 Be8 38. Bf1 b4 39. Rb6 Bf8
40. Rb8 Bc6 41. Rxf8 Bxe4 42. Re8 Bb1 43. a3 bxa3 44. bxa3 e4 45. a4 Kg6 46. a5
Kf7 47. Rb8 1-0